Artistas musicales por letra - J - Estadísticas

Estadísticas generales
  • Esta prueba ha sido intentada 114 veces
  • La puntuación promedio es 10 de 22
Estadísticas de respuestas
Años activo País Canciones Artista % Correcto
2007– «Mi gente» | «Ginza» J Balvin
87%
2000– «Es por ti» | «La camisa negra» Juanes
86%
2010– «Sorry» | «What Do You Mean?» Justin Bieber
85%
1996– «Limón y sal» | «Me voy» Julieta Venegas
80%
1995–2020 «La Flaca» | «Grita» Jarabe de Palo
74%
1968– «Soy un truhán, soy un señor» | «Me olvidé de vivir» Julio Iglesias
70%
1968–1980 «(Just Like) Starting Over» | «Imagine» John Lennon
62%
2013– «Dákiti» | «Adicto» Jhayco
59%
2002– «SexyBack» | «Can't Stop the Feeling!» Justin Timberlake
59%
1978– «19 días y 500 noches» | «Y nos dieron las diez» Joaquín Sabina
56%
2004– «All of Me» | «Green Light» John Legend
55%
2004– «Te voy a esperar» | «Si no te quisiera» Juan Magán
47%
1965–2022 «Mediterráneo» | «Cantares» Joan Manuel Serrat
38%
1967–2022 «¿Y cómo es él?» | «Te quiero» José Luis Perales
34%
1970–2014 «El triste» | «Gavilán o paloma» José José
28%
1971–2016 «Abrázame muy fuerte» | «Querida» Juan Gabriel
28%
1999– «Qué hiciste» | «Ain't It Funny» Jennifer Lopez
19%
2019– «Ella» | «La Durango» Junior H
19%
1964– «Feliz Navidad» | «Qué será» José Feliciano
18%
2020– «Si preguntas por mí» | «Tú et moi» Judeline
14%
1991– «Derrumbe» | «Al otro lado del río» Jorge Drexler
13%
1965–1970 «Purple Haze» | «Voodoo Child (Slight Return)» Jimi Hendrix
12%
No se encontraron pruebas coincidentes
Distribución de puntuación
Porcentaje de gente con cada puntuación
Porcentaje por número respondido
Historial de tus puntuaciones
No has intentado esta prueba.